[Event "4NCL 2019-20"]
[Site "Daventry"]
[Date "2020.01.12"]
[Round "4"]
[White "McPhillips, Joseph"]
[Black "Palliser, Richard J D"]
[Result "1/2-1/2"]
[WhiteElo "2434"]
[BlackElo "2399"]
[Annotator "ChessBase"]
[PlyCount "81"]
[EventDate "2020.01.11"]
[EventCountry "ENG"]
[SourceTitle "playchess.com"]
[Source "ChessBase"]
[SourceQuality "1"]
[TimeControl "40/6000:3000+30"]

1. e4 {[%emt 0:02:11]} c5 {[%emt 0:00:00]} 2. Nf3 {[%emt 0:00:00]} d6 {[%emt 0:00:00]} 3. d4 {[%emt 0:00:00]} cxd4 {[%emt 0:00:00]} 4. Nxd4 {[%emt 0:00:00]} Nf6 {[%emt 0:00:00]} 5. Nc3 {[%emt 0:00:00]} a6 {[%emt 0:00:00]} 6. Be3 {[%emt 0:00:00]} e5 {[%emt 0:00:44]} 7. Nb3 {[%emt 0:00:00]} Be6 {[%emt 0:00:00]} 8. f3 {[%emt 0:00:00]} h5 {[%emt 0:00:00]} 9. Qd2 {[%emt 0:01:13]} Nbd7 {[%emt 0:00:00]} 10. a4 {[%emt 0:00:00]} Rc8 {[%emt 0:01:35]} 11. a5 {[%emt 0:00:00]} Be7 {[%emt 0:00:29]} 12. Be2 {[%emt 0:00:00]} h4 {[%emt 0:14:35]} 13. O-O {[%emt 0:00:00]} Kf8 {[%emt 0:00:02]} 14. Nd5 {[%emt 0:01:45]} Bxd5 {[%emt 0:03:02]} 15. exd5 {[%emt 0:00:00]} g6 {[%emt 0:08:12]} 16. c4 {[%emt 0:00:18]} Kg7 {[%emt 0:00:38]} 17. Rad1 {[%emt 0:06:24]} Ne8 {[%emt 0:03:03]} 18. f4 {[%emt 0:01:58]} exf4 {[%emt 0:10:58]} 19. Bd4+ {[%emt 0:02:13]} Bf6 {[%emt 0:00:16]} 20. Rxf4 {[%emt 0:01:26]} Kg8 {[%emt 0:10:51]} 21. Bxf6 {[%emt 0:20:13]} Nexf6 {[%emt 0:00:59]} 22. Rdf1 {[%emt 0:00:00]} Qe7 {[%emt 0:01:03]} 23. c5 {[%emt 0:22:05]} dxc5 {[%emt 0:04:51]} 24. d6 {[%emt 0:00:00]} Qe5 {[%emt 0:00:00]} 25. Bc4 {[%emt 0:00:00]} h3 {[%emt 0:20:45]} 26. Re1 {[%emt 0:04:45]} Qh5 {[%emt 0:00:00]} 27. g4 {[%emt 0:01:43]} Qh4 {[%emt 0:00:16]} 28. Re7 {[%emt 0:01:53]} Rh7 {[%emt 0:00:50]} 29. Qf2 {[%emt 0:07:48]} g5 {[%emt 0:08:47]} 30. Qxh4 {[%emt 0:08:57]} Rxh4 {[%emt 0:00:00]} 31. Bxf7+ {[%emt 0:00:00]} Kh8 {[%emt 0:04:12]} 32. Rc4 {[%emt 0:03:25]} Rc6 {[%emt 0:00:00]} 33. Be6 {[%emt 0:00:12]} Rxd6 {[%emt 0:00:00]} 34. Nxc5 {[%emt 0:00:00]} Ne5 {[%emt 0:00:00]} 35. Rc1 {[%emt 0:00:05]} Rh7 {[%emt 0:01:39]} 36. Rxh7+ {[%emt 0:06:41]} Kxh7 {[%emt 0:00:00]} 37. Bf5+ {[%emt 0:00:00]} Kh6 {[%emt 0:00:00]} 38. Rc3 {[%emt 0:02:19]} Rd1+ {[%emt 0:00:00]} 39. Kf2 {[%emt 0:00:00]} Nexg4+ {[%emt 0:00:00]} 40. Ke2 {[%emt 0:00:17]} Rd5 {[%emt 0:00:00]} 41. Bxg4 {[%emt 0:15:54]} 1/2-1/2

[Event "4NCL 2019-20"]
[Site "Daventry"]
[Date "2020.01.12"]
[Round "4"]
[White "Zhou, Yang-Fan"]
[Black "Willow, Jonah B"]
[Result "1-0"]
[WhiteElo "2433"]
[BlackElo "2355"]
[Annotator "ChessBase"]
[PlyCount "95"]
[EventDate "2020.01.11"]
[EventCountry "ENG"]
[SourceTitle "playchess.com"]
[Source "ChessBase"]
[SourceQuality "1"]
[TimeControl "40/6000:3000+30"]

1. e4 {[%emt 0:00:00]} c5 {[%emt 0:00:00]} 2. Nf3 {[%emt 0:00:00]} Nc6 {[%emt 0:00:00]} 3. d4 {[%emt 0:00:00]} cxd4 {[%emt 0:00:00]} 4. Nxd4 {[%emt 0:00:00]} g6 {[%emt 0:00:00]} 5. c4 {[%emt 0:00:00]} Nf6 {[%emt 0:00:00]} 6. Nc3 {[%emt 0:00:00]} d6 {[%emt 0:00:00]} 7. Nc2 {[%emt 0:00:00]} Bg7 {[%emt 0:00:00]} 8. Be2 {[%emt 0:00:00]} O-O {[%emt 0:00:00]} 9. O-O {[%emt 0:00:00]} Nd7 {[%emt 0:00:00]} 10. Bd2 {[%emt 0:00:00]} Nc5 {[%emt 0:00:00]} 11. f3 {[%emt 0:00:00]} a5 {[%emt 0:00:34]} 12. Be3 {[%emt 0:00:00]} f5 {[%emt 0:08:31]} 13. exf5 {[%emt 0:00:00]} Bxf5 {[%emt 0:01:19]} 14. Na3 {[%emt 0:00:37]} a4 {[%emt 0:06:54]} 15. Qd2 {[%emt 0:00:08]} Qa5 {[%emt 0:09:28]} 16. Rad1 {[%emt 0:02:38]} Rad8 {[%emt 0:01:07]} 17. Rfe1 {[%emt 0:14:05]} Rfe8 {[%emt 0:05:16]} 18. Nd5 {[%emt 0:09:23]} Qxd2 {[%emt 0:04:32]} 19. Rxd2 {[%emt 0:00:00]} Kf7 {[%emt 0:06:10]} 20. Nb5 {[%emt 0:04:15]} Ne5 {[%emt 0:14:03]} 21. Red1 {[%emt 0:01:52]} Rc8 {[%emt 0:05:28]} 22. Nb6 {[%emt 0:09:16]} Rc6 {[%emt 0:00:58]} 23. Bxc5 {[%emt 0:00:00]} Rxc5 {[%emt 0:10:52]} 24. Nxa4 {[%emt 0:00:00]} Rcc8 {[%emt 0:03:43]} 25. b3 {[%emt 0:00:32]} Bh6 {[%emt 0:00:00]} 26. Rb2 {[%emt 0:00:59]} Bd7 {[%emt 0:02:09]} 27. Nac3 {[%emt 0:19:07]} Bg7 {[%emt 0:00:00]} 28. Rbd2 {[%emt 0:00:47]} Bh6 {[%emt 0:00:17]} 29. f4 {[%emt 0:01:32]} Ng4 {[%emt 0:02:01]} 30. Nd5 {[%emt 0:03:41]} Nf6 {[%emt 0:01:56]} 31. Nbc3 {[%emt 0:04:04]} Bc6 {[%emt 0:03:27]} 32. Bf3 {[%emt 0:01:50]} Nd7 {[%emt 0:02:00]} 33. Bg4 {[%emt 0:04:03]} Bg7 {[%emt 0:00:50]} 34. Ne4 {[%emt 0:01:49]} h6 {[%emt 0:05:36]} 35. Bxd7 {[%emt 0:02:53]} Bxd7 {[%emt 0:00:00]} 36. Nb6 {[%emt 0:00:00]} Rc7 {[%emt 0:00:50]} 37. Nxd7 {[%emt 0:00:00]} Rxd7 {[%emt 0:00:00]} 38. c5 {[%emt 0:00:00]} Bf8 {[%emt 0:01:20]} 39. cxd6 {[%emt 0:03:07]} exd6 {[%emt 0:00:00]} 40. Nxd6+ {[%emt 0:00:00]} Bxd6 {[%emt 0:00:00]} 41. Rxd6 {[%emt 0:49:54]} Rde7 {[%emt 0:49:25]} 42. Rb6 {[%emt 0:02:50]} Rc8 {[%emt 0:00:00]} 43. Rd2 {[%emt 0:00:00]} h5 {[%emt 0:00:00]} 44. g3 {[%emt 0:00:00]} Rc5 {[%emt 0:00:00]} 45. b4 {[%emt 0:00:00]} Rc4 {[%emt 0:00:00]} 46. Kg2 {[%emt 0:00:00]} h4 {[%emt 0:00:00]} 47. Kh3 {[%emt 0:00:00]} hxg3 {[%emt 0:00:00]} 48. hxg3 {[%emt 0:00:00]} 1-0

[Event "4NCL 2019-20"]
[Site "Daventry"]
[Date "2020.01.12"]
[Round "4"]
[White "Camacho Collados, Jose"]
[Black "Greet, Andrew N"]
[Result "1-0"]
[WhiteElo "2419"]
[BlackElo "2425"]
[Annotator "ChessBase"]
[PlyCount "69"]
[EventDate "2020.01.11"]
[EventCountry "ENG"]
[SourceTitle "playchess.com"]
[Source "ChessBase"]
[SourceQuality "1"]
[TimeControl "40/6000:3000+30"]

1. Nf3 {[%emt 0:00:00]} d5 {[%emt 0:02:56]} 2. g3 {[%emt 0:00:00]} Nf6 {[%emt 0:00:00]} 3. Bg2 {[%emt 0:00:00]} Bf5 {[%emt 0:00:00]} 4. b3 {[%emt 0:00:00]} e6 {[%emt 0:00:09]} 5. Bb2 {[%emt 0:00:00]} Be7 {[%emt 0:05:51]} 6. d3 {[%emt 0:00:00]} O-O {[%emt 0:00:11]} 7. O-O {[%emt 0:00:00]} a5 {[%emt 0:03:52]} 8. a4 {[%emt 0:00:00]} Na6 {[%emt 0:07:55]} 9. Nbd2 {[%emt 0:00:00]} h6 {[%emt 0:01:01]} 10. Re1 {[%emt 0:00:00]} Bh7 {[%emt 0:06:26]} 11. e4 {[%emt 0:00:00]} c6 {[%emt 0:02:14]} 12. e5 {[%emt 0:00:00]} Nd7 {[%emt 0:00:00]} 13. Nd4 {[%emt 0:00:00]} Nb4 {[%emt 0:10:09]} 14. f4 {[%emt 0:05:55]} Qb6 {[%emt 0:08:41]} 15. Kh1 {[%emt 0:01:44]} Bxd3 {[%emt 0:00:06]} 16. cxd3 {[%emt 0:00:46]} Nxd3 {[%emt 0:07:06]} 17. Qc2 {[%emt 0:00:00]} Nxe1 {[%emt 0:01:14]} 18. Rxe1 {[%emt 0:00:00]} Bb4 {[%emt 0:00:30]} 19. Rf1 {[%emt 0:08:18]} Nc5 {[%emt 0:02:07]} 20. f5 {[%emt 0:07:59]} Qa6 {[%emt 0:07:55]} 21. Rf3 {[%emt 0:03:19]} exf5 {[%emt 0:02:06]} 22. Bf1 {[%emt 0:02:10]} b5 {[%emt 0:01:12]} 23. Rxf5 {[%emt 0:14:47]} Qb7 {[%emt 0:01:59]} 24. N2f3 {[%emt 0:01:12]} bxa4 {[%emt 0:00:48]} 25. bxa4 {[%emt 0:00:00]} Rac8 {[%emt 0:02:01]} 26. Rf4 {[%emt 0:11:16]} Ne4 {[%emt 0:06:16]} 27. Nf5 {[%emt 0:03:04]} Qa7 {[%emt 0:03:34]} 28. N3d4 {[%emt 0:02:14]} Qc5 {[%emt 0:05:18]} 29. Qe2 {[%emt 0:09:04]} Kh7 {[%emt 0:04:37]} 30. Nxg7 {[%emt 0:06:53]} Bd2 {[%emt 0:01:56]} 31. Rxe4 {[%emt 0:00:32]} dxe4 {[%emt 0:00:00]} 32. Qxd2 {[%emt 0:00:12]} Qd5 {[%emt 0:00:57]} 33. Qf4 {[%emt 0:01:20]} Rb8 {[%emt 0:00:20]} 34. Ngf5 {[%emt 0:00:57]} e3+ {[%emt 0:00:01]} 35. Kg1 {[%emt 0:00:00]} 1-0

[Event "4NCL 2019-20"]
[Site "Daventry"]
[Date "2020.01.12"]
[Round "4"]
[White "Harvey, Marcus R"]
[Black "Schneider, Dmitry"]
[Result "1-0"]
[WhiteElo "2419"]
[BlackElo "2475"]
[Annotator "ChessBase"]
[PlyCount "105"]
[EventDate "2020.01.11"]
[EventCountry "ENG"]
[SourceTitle "playchess.com"]
[Source "ChessBase"]
[SourceQuality "1"]
[TimeControl "40/6000:3000+30"]

1. c4 {[%emt 0:02:25]} e6 {[%emt 0:00:00]} 2. Nf3 {[%emt 0:00:58]} d5 {[%emt 0:00:00]} 3. e3 {[%emt 0:00:00]} Nf6 {[%emt 0:00:29]} 4. b3 {[%emt 0:00:00]} c5 {[%emt 0:00:00]} 5. Bb2 {[%emt 0:00:00]} Nc6 {[%emt 0:00:00]} 6. cxd5 {[%emt 0:00:00]} exd5 {[%emt 0:00:00]} 7. d4 {[%emt 0:00:00]} cxd4 {[%emt 0:05:19]} 8. Nxd4 {[%emt 0:00:00]} Bb4+ {[%emt 0:00:15]} 9. Bc3 {[%emt 0:00:00]} Qa5 {[%emt 0:09:10]} 10. Qd2 {[%emt 0:01:14]} Bxc3 {[%emt 0:08:48]} 11. Nxc3 {[%emt 0:04:28]} O-O {[%emt 0:02:20]} 12. Be2 {[%emt 0:00:13]} Bg4 {[%emt 0:05:51]} 13. Bxg4 {[%emt 0:05:08]} Nxg4 {[%emt 0:00:00]} 14. h3 {[%emt 0:01:21]} Nf6 {[%emt 0:00:05]} 15. O-O {[%emt 0:00:00]} Nxd4 {[%emt 0:05:24]} 16. Qxd4 {[%emt 0:00:00]} Rac8 {[%emt 0:00:42]} 17. b4 {[%emt 0:04:58]} Qb6 {[%emt 0:07:10]} 18. Qxb6 {[%emt 0:00:00]} axb6 {[%emt 0:00:00]} 19. Nb5 {[%emt 0:03:35]} Rc4 {[%emt 0:02:43]} 20. a3 {[%emt 0:00:00]} Ra8 {[%emt 0:00:34]} 21. Rad1 {[%emt 0:01:21]} Rc2 {[%emt 0:03:00]} 22. Rc1 {[%emt 0:00:00]} Rac8 {[%emt 0:00:45]} 23. Rxc2 {[%emt 0:00:00]} Rxc2 {[%emt 0:00:00]} 24. Rd1 {[%emt 0:00:00]} Kf8 {[%emt 0:07:08]} 25. Rd3 {[%emt 0:00:00]} Rc1+ {[%emt 0:00:52]} 26. Kh2 {[%emt 0:00:00]} Rc2 {[%emt 0:00:49]} 27. f3 {[%emt 0:00:00]} Ke7 {[%emt 0:00:00]} 28. Nd4 {[%emt 0:00:00]} Rc1 {[%emt 0:01:31]} 29. Nf5+ {[%emt 0:02:08]} Kf8 {[%emt 0:00:50]} 30. e4 {[%emt 0:05:33]} dxe4 {[%emt 0:05:53]} 31. fxe4 {[%emt 0:00:08]} g6 {[%emt 0:02:07]} 32. e5 {[%emt 0:00:11]} Ne8 {[%emt 0:00:21]} 33. Nd6 {[%emt 0:07:33]} Nxd6 {[%emt 0:09:04]} 34. Rxd6 {[%emt 0:00:00]} Ra1 {[%emt 0:00:00]} 35. Rxb6 {[%emt 0:00:00]} Rxa3 {[%emt 0:00:00]} 36. Rxb7 {[%emt 0:00:49]} Re3 {[%emt 0:00:00]} 37. Rb5 {[%emt 0:00:00]} h5 {[%emt 0:00:00]} 38. Kg1 {[%emt 0:00:51]} h4 {[%emt 0:00:20]} 39. Kf2 {[%emt 0:00:00]} Rb3 {[%emt 0:00:00]} 40. Rb7 {[%emt 0:01:16]} Rb2+ {[%emt 0:07:11]} 41. Kf3 {[%emt 0:50:03]} Rb3+ {[%emt 0:51:54]} 42. Kf4 {[%emt 0:00:56]} Rg3 {[%emt 0:05:32]} 43. b5 {[%emt 0:00:03]} Rxg2 {[%emt 0:01:36]} 44. b6 {[%emt 0:00:07]} Rb2 {[%emt 0:00:00]} 45. Kg5 {[%emt 0:00:00]} Rb4 {[%emt 0:00:00]} 46. Kh6 {[%emt 0:00:00]} Rb5 {[%emt 0:00:00]} 47. Rb8+ {[%emt 0:00:00]} Ke7 {[%emt 0:00:00]} 48. b7 {[%emt 0:00:00]} g5 {[%emt 0:00:00]} 49. Kh5 {[%emt 0:00:00]} Kd7 {[%emt 0:00:00]} 50. Rf8 {[%emt 0:00:00]} Kc7 {[%emt 0:00:00]} 51. b8=Q+ {[%emt 0:00:00]} Rxb8 {[%emt 0:00:00]} 52. Rxb8 {[%emt 0:00:00]} Kxb8 {[%emt 0:00:00]} 53. Kxg5 {[%emt 0:00:00]} 1-0

[Event "4NCL 2019-20"]
[Site "Daventry"]
[Date "2020.01.12"]
[Round "4"]
[White "McNab, Colin A"]
[Black "Speelman, Jon S"]
[Result "0-1"]
[WhiteElo "2412"]
[BlackElo "2509"]
[Annotator "TA"]
[PlyCount "64"]
[EventDate "2020.01.11"]
[EventCountry "ENG"]
[SourceTitle "playchess.com"]
[Source "ChessBase"]
[SourceQuality "1"]

{[%evp 9,108,10,10,10,14,10,6,1,10,14,27,0,1,0,7,0,16,-20,-24,-19,-8,-182,-182,-177,-172,-181,-181,-220,-209,-295,-194,-207,-199,-192,-208,-211,-195,-188,-182,-191,-182,-186,-180,-170,-158,-152,-145,-153,-158,-155,-150,-168,-169,-172,-171,-177,-170,-177,-171,-224,-224,-218,-210,-293,-293,-293,-293,-293,-293,-293,-293,-293,-283,-282,-271,-294,-294,-591,-421,-1067,-1110,-1083,-1096,-1110,-1077,-1180,-1169,-1133,-1085,-1085,-1085,-1085,-1085,-1058,-1034,-857,-427,-6187,-6099,-5627,-5527]} 1. c4 b6 2. Nc3 e6 3. e4 Bb7 4. g3 f5 5. Bg2 Nf6 {[%cal Rf5e4]} 6. d3 {A10: English Opening: Unusual Replies for Black} fxe4 7. Nge2 Nc6 {[%cal Bb8c6,Bc6e5,Be5d3,Bd3f4][%mdl 32]} (7... Bc5 8. O-O O-O 9. Bg5 Qc8 10. d4 Be7 11. Bxf6 Bxf6 12. Nxe4 Nc6 {½-½ (39) Romanov,E (2626)-Repka,C (2487) Krakow 2017}) 8. dxe4 {The position is equal.} Bc5 9. O-O O-O 10. Nf4 $146 ({Predecessor:} 10. h3 Ne5 11. b3 Qe8 12. Bf4 Qh5 13. Bxe5 Qxe5 {0-1 (33) McNab,C (2435)-Williams,S (2442) Dundee 2017}) 10... Ne5 11. Na4 Bd6 $36 {[%mdl 2048] Black is more active.} ({Don't go for} 11... Nxe4 $2 12. Qe2 $18) 12. Qe2 Qe8 13. Nc3 g5 14. Nd3 Qg6 15. Bxg5 $2 (15. f3 $11 {and White has nothing to worry.}) 15... Nxd3 $19 ({Don't blunder} 15... Qxg5 $2 16. f4 $18) 16. Bxf6 {[#]} Nf4 $1 {[%cal Rf4e2]} 17. gxf4 {Strongly threatening Be5.} Rxf6 18. f5 {[#]} Rxf5 $1 {[%mdl 576] Pin} 19. f3 (19. Rad1 $142) (19. exf5 Qxg2#) 19... Rf7 20. e5 Bc5+ 21. Kh1 Rg7 {Threatens to win with ...Kh8.} 22. Ne4 Bxe4 23. fxe4 Kh8 {Hoping for ...Rag8.} 24. Rf3 Qg4 {And now ...Rag8 would win.} 25. Re1 Rag8 26. Rg3 Qxe2 27. Rxe2 Rxg3 28. hxg3 Rxg3 {[%mdl 4096] Endgame KRB-KRB} 29. Rd2 Rg7 30. Rd3 Kg8 31. Kh2 Kf8 32. Rg3 Rf7 {Played: Bc5-d4} 0-1

[Event "4NCL 2019-20"]
[Site "Daventry"]
[Date "2020.01.12"]
[Round "4"]
[White "McDonald, Neil"]
[Black "Sucikova, Svetlana"]
[Result "1-0"]
[WhiteElo "2408"]
[BlackElo "2160"]
[Annotator "RC"]
[PlyCount "139"]
[EventDate "2020.01.11"]
[EventCountry "ENG"]
[SourceTitle "playchess.com"]
[Source "ChessBase"]
[SourceQuality "1"]
[TimeControl "40/6000:3000+30"]

1. e4 {[%emt 0:00:00]} c6 {[%emt 0:00:22]} 2. d4 {[%emt 0:00:00]} d5 {[%emt 0:00:00]} 3. Nd2 {[%emt 0:00:00]} dxe4 {[%emt 0:00:00]} 4. Nxe4 {[%emt 0:00:00]} Nf6 {[%emt 0:00:24]} 5. Nxf6+ {[%emt 0:00:00]} exf6 {[%emt 0:00:00]} 6. c3 {[%emt 0:01:58]} Bd6 {[%emt 0:00:03]} 7. Bd3 {[%emt 0:00:22]} O-O {[%emt 0:00:00]} 8. Ne2 {[%emt 0:00:30]} Re8 {[%emt 0:00:00]} 9. Qc2 {[%emt 0:02:56]} h6 {[%emt 0:00:00]} 10. Be3 {[%emt 0:09:40]} Be6 {[%emt 0:03:01]} 11. O-O-O {[%emt 0:01:53]} b5 {[%emt 0:16:04]} 12. Kb1 {[%emt 0:06:02]} Nd7 {[%emt 0:04:11]} 13. Nf4 {[%emt 0:02:25]} Bxf4 {[%emt 0:11:43]} 14. Bxf4 {[%emt 0:00:00]} Nb6 {[%emt 0:00:00]} 15. Rhe1 {[%emt 0:06:33]} a5 {[%emt 0:06:22]} 16. Bh7+ {[%emt 0:23:52]} Kh8 {[%emt 0:01:01]} 17. Bf5 {[%emt 0:00:00]} Qd5 {[%emt 0:03:38]} 18. Bxe6 {[%emt 0:01:02]} Rxe6 {[%emt 0:00:03]} 19. Rxe6 {[%emt 0:10:08]} Qxe6 {[%emt 0:01:55]} 20. Qd3 {[%emt 0:07:47]} Re8 {[%emt 0:06:02]} 21. h3 {[%emt 0:06:27]} a4 {[%emt 0:03:46]} 22. g4 {[%emt 0:01:16]} Nd5 {[%emt 0:03:03]} 23. Bd2 {[%emt 0:02:45]} Qe2 {[%emt 0:03:34]} 24. Qxe2 {[%emt 0:04:06]} Rxe2 {[%emt 0:00:00]} 25. Kc1 {[%emt 0:00:53]} Kg8 {[%emt 0:00:36]} 26. Rf1 {[%emt 0:00:57]} Kf8 {[%emt 0:02:01]} 27. Kd1 {[%emt 0:00:00]} Re6 {[%emt 0:01:00]} 28. Rg1 {[%emt 0:01:21]} f5 {[%emt 0:01:20]} 29. Rg3 {[%emt 0:00:45]} fxg4 {[%emt 0:05:32]} 30. hxg4 {[%emt 0:00:00]} Rg6 {[%emt 0:00:00]} 31. Ke2 {[%emt 0:00:34]} Ke7 {[%emt 0:05:39]} 32. b3 {[%emt 0:01:03]} axb3 {[%emt 0:00:47]} 33. axb3 {[%emt 0:00:00]} Re6+ {[%emt 0:05:04]} 34. Kd3 {[%emt 0:00:00]} g5 {[%emt 0:00:00]} 35. c4 {[%emt 0:00:00]} bxc4+ 36. bxc4 {[%emt 0:00:00]} Nf6 {[%emt 0:02:10]} 37. Bb4+ {[%emt 0:00:00]} Kd7 {[%emt 0:00:00]} 38. f3 {[%emt 0:00:00]} h5 {[%emt 0:04:40]} 39. gxh5 {[%emt 0:00:23]} Nxh5 {[%emt 0:00:00]} 40. Rxg5 {[%emt 0:00:07]} Nf4+ {[%emt 0:00:00]} 41. Kd2 {[%emt 0:53:47]} Re2+ {[%emt 0:49:39]} 42. Kd1 {[%emt 0:00:37]} Rb2 {[%emt 0:05:16]} 43. Bc3 {[%emt 0:00:00]} Nh3 {[%emt 0:00:00]} 44. Bxb2 {[%emt 0:00:00]} Nxg5 {[%emt 0:00:00]} 45. Ke2 {[%emt 0:00:00]} Ke6 {[%emt 0:02:40]} 46. Ke3 {[%emt 0:00:00]} f5 {[%emt 0:00:00]} 47. Ba3 {[%emt 0:00:00]} Nh7 {[%emt 0:00:00]} 48. Kf4 {[%emt 0:00:00]} Nf6 {[%emt 0:00:00]} 49. Bb4 {[%emt 0:00:00]} Nd7 {[%emt 0:00:00]} 50. Ba5 {[%emt 0:00:00]} Nf6 {[%emt 0:00:00]} 51. Bc7 {[%emt 0:00:00]} Nd7 {[%emt 0:00:00]} 52. Kg5 {[%emt 0:00:00]} Nf8 {[%emt 0:00:00]} 53. Kh6 {[%emt 0:00:00]} Kf7 {[%emt 0:00:00]} 54. Bb6 {[%emt 0:00:00]} Ne6 {[%emt 0:00:00]} 55. Kh5 {[%emt 0:00:00]} Kf6 {[%emt 0:00:00]} 56. Kh4 {[%emt 0:00:00]} Nf4 {[%emt 0:00:00]} 57. Kg3 {[%emt 0:00:00]} Nd3 {[%emt 0:00:00]} 58. Ba5 {[%emt 0:00:00]} Nb2 {[%emt 0:00:00]} 59. d5 {[%emt 0:00:00]} Nxc4 {[%emt 0:00:00]} 60. dxc6 {[%emt 0:00:00]} Ke5 {[%emt 0:01:11]} 61. Bb4 {[%emt 0:00:00]} Nb6 {[%emt 0:02:20]} 62. Kh4 {[%emt 0:00:00]} Kd5 {[%emt 0:01:18]} 63. c7 {[%emt 0:00:00]} Kc6 {[%emt 0:01:41]} 64. Ba5 {[%emt 0:00:00]} Nc8 {[%emt 0:00:01]} 65. Kg5 {[%emt 0:00:34]} Nd6 {[%emt 0:01:44]} 66. Bd2 {[%emt 0:01:28]} Kd7 {[%emt 0:01:27]} 67. Bf4 {[%emt 0:00:28]} Kxc7 {[%emt 0:01:10]} 68. Bxd6+ {[%emt 0:00:16]} Kxd6 {[%emt 0:00:05]} 69. Kxf5 {[%emt 0:00:10]} Ke7 {[%emt 0:00:14]} 70. Kg6 {[%emt 0:00:34]} 1-0

[Event "4NCL 2019-20"]
[Site "Daventry"]
[Date "2020.01.12"]
[Round "4"]
[White "Murphy, Conor E"]
[Black "Reimanis, Ritvars"]
[Result "1/2-1/2"]
[WhiteElo "2407"]
[BlackElo "2370"]
[Annotator "ChessBase"]
[PlyCount "73"]
[EventDate "2020.01.11"]
[EventCountry "ENG"]
[SourceTitle "playchess.com"]
[Source "ChessBase"]
[SourceQuality "1"]
[TimeControl "40/6000:3000+30"]

1. e4 {[%emt 0:00:00]} c5 {[%emt 0:00:00]} 2. Nf3 {[%emt 0:00:00]} Nc6 {[%emt 0:00:00]} 3. Bb5 {[%emt 0:00:00]} g6 {[%emt 0:00:00]} 4. Bxc6 {[%emt 0:00:00]} bxc6 {[%emt 0:00:00]} 5. O-O {[%emt 0:00:00]} Bg7 {[%emt 0:00:00]} 6. Re1 {[%emt 0:00:00]} Nh6 {[%emt 0:00:00]} 7. c3 {[%emt 0:00:00]} d6 {[%emt 0:00:00]} 8. h3 {[%emt 0:00:00]} f6 {[%emt 0:00:00]} 9. d4 {[%emt 0:00:00]} cxd4 {[%emt 0:00:00]} 10. cxd4 {[%emt 0:00:00]} Nf7 {[%emt 0:00:00]} 11. Nc3 {[%emt 0:00:00]} O-O {[%emt 0:00:00]} 12. Bd2 {[%emt 0:00:00]} Rb8 {[%emt 0:07:20]} 13. Rb1 {[%emt 0:00:16]} Bd7 {[%emt 0:37:21]} 14. Qa4 {[%emt 0:12:13]} Rb7 {[%emt 0:01:35]} 15. Qc4 {[%emt 0:03:45]} Qc8 {[%emt 0:05:44]} 16. Qa6 {[%emt 0:08:37]} Rb6 {[%emt 0:06:22]} 17. Qd3 {[%emt 0:03:29]} Rb7 {[%emt 0:11:49]} 18. h4 {[%emt 0:09:14]} Bg4 {[%emt 0:00:53]} 19. Nh2 {[%emt 0:00:29]} Be6 {[%emt 0:02:54]} 20. h5 {[%emt 0:04:06]} gxh5 {[%emt 0:02:43]} 21. Qg3 {[%emt 0:02:28]} Nh8 {[%emt 0:05:39]} 22. f4 {[%emt 0:23:04]} f5 {[%emt 0:00:00]} 23. d5 {[%emt 0:01:12]} cxd5 {[%emt 0:03:18]} 24. exd5 {[%emt 0:00:11]} Bf7 {[%emt 0:00:00]} 25. Nf3 {[%emt 0:00:00]} Ng6 {[%emt 0:00:13]} 26. Ng5 {[%emt 0:01:46]} Qc4 {[%emt 0:02:42]} 27. Qf3 {[%emt 0:05:18]} h6 {[%emt 0:02:06]} 28. Nxf7 {[%emt 0:01:58]} Rxf7 {[%emt 0:00:00]} 29. g3 {[%emt 0:03:06]} h4 {[%emt 0:01:07]} 30. Re6 {[%emt 0:02:32]} Bf6 {[%emt 0:05:53]} 31. Kh1 {[%emt 0:04:00]} Rg7 {[%emt 0:00:00]} 32. b3 {[%emt 0:03:44]} Qd4 {[%emt 0:00:00]} 33. Rd1 {[%emt 0:00:00]} hxg3 {[%emt 0:00:00]} 34. Ne2 {[%emt 0:00:00]} Qf2 {[%emt 0:00:00]} 35. Qxg3 {[%emt 0:00:00]} Qc5 {[%emt 0:00:30]} 36. Qd3 {[%emt 0:00:00]} Qf2 {[%emt 0:00:27]} 37. Qg3 {[%emt 0:00:03]} 1/2-1/2

[Event "4NCL 2019-20"]
[Site "Daventry"]
[Date "2020.01.12"]
[Round "4"]
[White "Houska, Jovanka"]
[Black "Chow, Samuel"]
[Result "1/2-1/2"]
[WhiteElo "2401"]
[BlackElo "2317"]
[Annotator "ChessBase"]
[PlyCount "66"]
[EventDate "2020.01.11"]
[EventCountry "ENG"]
[SourceTitle "playchess.com"]
[Source "ChessBase"]
[SourceQuality "1"]
[TimeControl "40/6000:3000+30"]

1. d4 {[%emt 0:00:00]} Nf6 {[%emt 0:00:00]} 2. Nf3 {[%emt 0:00:00]} g6 {[%emt 0:00:00]} 3. g3 {[%emt 0:00:00]} Bg7 {[%emt 0:00:55]} 4. Bg2 {[%emt 0:00:00]} O-O {[%emt 0:00:00]} 5. O-O {[%emt 0:00:00]} d5 {[%emt 0:00:00]} 6. c4 {[%emt 0:00:00]} dxc4 {[%emt 0:01:16]} 7. Na3 {[%emt 0:00:00]} c3 {[%emt 0:00:00]} 8. bxc3 {[%emt 0:00:00]} c5 {[%emt 0:00:00]} 9. Bb2 {[%emt 0:00:00]} Nc6 {[%emt 0:00:00]} 10. Re1 {[%emt 0:00:00]} Nd5 {[%emt 0:23:26]} 11. Rb1 {[%emt 0:08:07]} Nb6 {[%emt 0:06:40]} 12. dxc5 {[%emt 0:04:38]} Qxd1 {[%emt 0:06:01]} 13. Rexd1 {[%emt 0:00:00]} Na4 {[%emt 0:00:00]} 14. Nd4 {[%emt 0:00:00]} Bd7 {[%emt 0:10:00]} 15. Ba1 {[%emt 0:06:34]} Nxc5 {[%emt 0:05:31]} 16. Nb3 {[%emt 0:00:58]} Nxb3 {[%emt 0:00:00]} 17. Rxd7 {[%emt 0:06:12]} Nxa1 {[%emt 0:04:19]} 18. Rdxb7 {[%emt 0:00:35]} Rac8 {[%emt 0:03:07]} 19. Rxa1 {[%emt 0:01:00]} Bxc3 {[%emt 0:03:15]} 20. Rd1 {[%emt 0:07:06]} a5 {[%emt 0:10:49]} 21. Nb5 {[%emt 0:16:25]} Bf6 {[%emt 0:01:00]} 22. Nc7 {[%emt 0:00:00]} Nd4 {[%emt 0:01:25]} 23. Kf1 {[%emt 0:01:31]} e6 {[%emt 0:05:03]} 24. e3 {[%emt 0:01:46]} Nc2 {[%emt 0:01:26]} 25. Rd2 {[%emt 0:11:49]} Na3 {[%emt 0:00:04]} 26. Ra7 {[%emt 0:16:05]} Nb1 {[%emt 0:03:13]} 27. Rd7 {[%emt 0:00:40]} Nc3 {[%emt 0:00:33]} 28. Bh3 {[%emt 0:10:10]} Rcd8 {[%emt 0:00:53]} 29. Rxd8 {[%emt 0:01:13]} Bxd8 {[%emt 0:00:01]} 30. a3 {[%emt 0:03:15]} Bxc7 {[%emt 0:00:28]} 31. Rxc7 {[%emt 0:00:00]} Nb5 {[%emt 0:00:00]} 32. Rc5 {[%emt 0:00:00]} Nxa3 {[%emt 0:00:00]} 33. Rxa5 {[%emt 0:00:00]} Nc4 {[%emt 0:00:00]} 1/2-1/2